Prophetic ministry in Jeremiah and Ezekiel / (Record no. 36326)
[ view plain ]
| 000 -LEADER | |
|---|---|
| fixed length control field | 00705nam a22001817a 4500 |
| 008 - FIXED-LENGTH DATA ELEMENTS--GENERAL INFORMATION | |
| fixed length control field | 130322b be ||||| |||| 00| 0 eng d |
| 020 ## - INTERNATIONAL STANDARD BOOK NUMBER | |
| International Standard Book Number | 97890429268059 |
| 100 ## - MAIN ENTRY--PERSONAL NAME | |
| Personal name | Rochester, Kathleen M. |
| 245 ## - TITLE STATEMENT | |
| Title | Prophetic ministry in Jeremiah and Ezekiel / |
| Statement of responsibility, etc | Kathleen M. Rochester. |
| 260 ## - PUBLICATION, DISTRIBUTION, ETC. (IMPRINT) | |
| Place of publication, distribution, etc | Leuven : |
| Name of publisher, distributor, etc | Peeters, |
| Date of publication, distribution, etc | 2012. |
| 300 ## - PHYSICAL DESCRIPTION | |
| Extent | x, 261 p. ; |
| Dimensions | 23 cm. |
| 490 ## - SERIES STATEMENT | |
| Series statement | Contributions to biblical exegesis & theology ; |
| Volume number/sequential designation | v. 65 |
| 500 ## - GENERAL NOTE | |
| General note | Revised thesis (Ph. D.) - Durham University. |
| 504 ## - BIBLIOGRAPHY, ETC. NOTE | |
| Bibliography, etc | Includes bibliographical references and indexes. |
| 630 ## - SUBJECT ADDED ENTRY--UNIFORM TITLE | |
| Uniform title | Bible. |
| Name of part/section of a work | O.T. |
| -- | Ezekiel |
| General subdivision | Criticism, interpretation, etc. |
| 630 ## - SUBJECT ADDED ENTRY--UNIFORM TITLE | |
| Uniform title | Bible. |
| Name of part/section of a work | O.T. |
| -- | Jeremiah |
| General subdivision | Criticism, interpretation, etc. |
| 942 ## - ADDED ENTRY ELEMENTS (KOHA) | |
| Source of classification or shelving scheme | Library of Congress Classification |
| Item type | Books |
| Withdrawn status | Lost status | Source of classification or shelving scheme | Damaged status | Not for loan | Home library | Current library | Shelving location | Date acquired | Source of acquisition | Accession number | Total Checkouts | Full call number | Barcode | Date last seen | Price effective from | Koha item type |
|---|---|---|---|---|---|---|---|---|---|---|---|---|---|---|---|---|
| Library of Congress Classification | BSOP Library | BSOP Library | Reference | 03/22/2013 | Kathleen Rochester | 35211 | BS1171.3 R58 2012 | 00042648 | 03/22/2013 | 03/22/2013 | Books |
